| 000 | 00465nam a22001697a 4500 | ||
|---|---|---|---|
| 005 | 20241214121449.0 | ||
| 008 | 241214b ||||| |||| 00| 0 eng d | ||
| 040 | _cAL | ||
| 041 | _aEnglish | ||
| 082 |
_223 _a348.04 _bCHAI |
||
| 100 |
_aTejinder Pal Singh Chawla _9190986 |
||
| 245 | _aIndian Civil Cases: Vol 77 2014(4) | ||
| 260 |
_aChandigarh _bICC Publications _c2014 |
||
| 300 |
_a992 p. _bHB _c24x15 cm. |
||
| 650 |
_aCivil Laws _9190987 |
||
| 942 |
_2ddc _cBI |
||
| 999 |
_c232918 _d232918 |
||